Manual para Litigantes del Procedimiento Nacional Acusatorio y Oral

Detalles Bibliográficos
Autor principal: Martn̕ez-Bastida, Eduardo
Formato: eBook
Lenguaje:español
Publicado: Coyoacǹ: Ral︢ Jur̀ez Carro Editorial, 2014
Materias:
Acceso en línea:Acceso restringido

MARC

LEADER 00000nam a22000007a 4500
005 20140403215034.0
007 cr|||| ||||
008 140403s2014 mx |||||s|||| 00||0 spa d
035 |a 11830 
040 |a vLex 
090 |c 4756  |d 4756 
100 1 |a Martn̕ez-Bastida, Eduardo 
245 1 0 |a Manual para Litigantes del Procedimiento Nacional Acusatorio y Oral  |h [Recurso electrn̤ico] /  |c Eduardo Martn̕ez-Bastida 
256 |a Servicio en ln̕ea 
260 |a Coyoacǹ:  |b Ral︢ Jur̀ez Carro Editorial,  |c 2014 
300 |a 1 recurso electrn̤ico 
506 1 |a Disponible solo en los productos indicados  |d vLex Global  |d vLex Global (Academic Edition, excluding Law Schools)  |d vLex Global (U.S. Academic Edition, Law Schools)  |d vLex Global (U.S. Academic Edition, excluding Law Schools)  |d vLex Global (Academic Edition, Law Schools) 
650 0 4 |a Derecho Laboral y Seguridad Social  |z Mx̌ico 
740 0 |a vLex Libros (Servicio en ln̕ea) 
856 4 0 |u http://vlex.com/source/manual-litigantes-procedimiento-nacional-acusatorio-oral-11830  |z Acceso restringido 
942 |c BOOK 
999 0 |a Labor Law and Social Security